书目信息 |
| 题名: |
动荡
|
|
| 作者: | 恩岑斯贝格尔 著 ;姚月 译 | |
| 分册: | ||
| 出版信息: | 南京 江苏凤凰文艺出版社 2017.01 |
|
| 页数: | 12, 271页 | |
| 开本: | 21cm | |
| 丛书名: | 恩岑斯贝格尔作品 | |
| 单 册: | ||
| 中图分类: | I516.55 | |
| 科图分类: | ||
| 主题词: | 传记文学--chuan ji wen xue--德国--现代 | |
| 电子资源: | ||
| ISBN: | 978-7-5399-9796-4 | |
| 000 | 01543nam 2200325 450 | |
| 001 | CAL 0120172100005 | |
| 005 | 20170112112526.7 | |
| 010 | @a978-7-5399-9796-4@b@dCNY36.00 | |
| 100 | @a20170111d2017 em y0chiy50 ea | |
| 101 | 1 | @achi@cger |
| 102 | @aCN@b320000 | |
| 105 | @ay a 000yd | |
| 106 | @ar | |
| 200 | 1 | @a动荡@Adong dang@d= Tumult@e亲历20世纪60年代运动@f(德) 汉斯·马格努斯·恩岑斯贝格尔著@g姚月译@zeng |
| 210 | @a南京@c江苏凤凰文艺出版社@d2017.01 | |
| 215 | @a12, 271页@c@d21cm | |
| 225 | 2 | @a恩岑斯贝格尔作品@Aen cen si bei ge er zuo pin |
| 314 | @a汉斯·马格努斯·恩岑斯贝格尔, 1929-, 德国诗人、作家, 涉猎戏剧、电影、歌剧、翻译等多个领域。姚月, 翻译家, 教育家。姚月受到顾彬、宋琳、于荣建、向以鲜等中外诗人、学者高度评价, 被誉为“中德民间文化交流信使”。 | |
| 320 | @a有书目 | |
| 330 | @a在本书中, 作者回顾了1967年至1970年, 一千天的柏林革命期间发生的故事。这是一段在疯狂的时代, 不幸而狂热的爱情故事。1966年, 他与俄罗斯姑娘玛利亚·亚力克桑德罗娜·马卡洛娃在巴库认识了。他觉得她非常有魅力。她当时想离开苏联。玛莎和他1967年结婚。他们离开柏林去了美国, 后来又回到巴库和欧洲。 | |
| 410 | 0 | @12001 @a恩岑斯贝格尔作品 |
| 510 | 1 | @aTumult@zeng |
| 517 | 1 | @a亲历20世纪60年代运动@Aqin li 20 shi ji 60 nian dai yun dong |
| 606 | 0 | @a传记文学@Achuan ji wen xue@y德国@z现代 |
| 690 | @aI516.55@v5 | |
| 701 | 1 | @a恩岑斯贝格尔@Aen cen si bei ge er@g(Enzensberger, Hans Magnus),@f1929-@4著 |
| 702 | 0 | @a姚月@Ayao yue@4译 |
| 801 | 0 | @aCN@b人天书店@c20170111@g |
| 905 | @aBZT@dI516.55@e1 | |
| 906 | @dCNY36.00@n3@r1 | |
| 动荡= Tumult:亲历20世纪60年代运动/(德) 汉斯·马格努斯·恩岑斯贝格尔著/姚月译.-南京:江苏凤凰文艺出版社,2017.01 |
| 12, 271页;21cm.-(恩岑斯贝格尔作品) |
| ISBN 978-7-5399-9796-4:CNY36.00 |
| 在本书中, 作者回顾了1967年至1970年, 一千天的柏林革命期间发生的故事。这是一段在疯狂的时代, 不幸而狂热的爱情故事。1966年, 他与俄罗斯姑娘玛利亚·亚力克桑德罗娜·马卡洛娃在巴库认识了。他觉得她非常有魅力。她当时想离开苏联。玛莎和他1967年结婚。他们离开柏林去了美国, 后来又回到巴库和欧洲。 |
| ● |
| 相关链接 |
|
|
|
正题名:动荡
索取号:I516.55/1
 
预约/预借
| 序号 | 登录号 | 条形码 | 馆藏地/架位号 | 状态 | 备注 |
| 1 | 839180 | 2000839180 | 第一书库/ [索取号:I516.55/1] | 在馆 | |
| 2 | 839181 | 2000839181 | 第一书库/ [索取号:I516.55/1] | 在馆 | |
| 3 | 839182 | 2000839182 | 第一书库/ [索取号:I516.55/1] | 在馆 |